000 00444nam a22001337a 4500
040 _cRUA
082 _aMGR YOU B430 2010 Or.
100 _aYOU SONGLY; យូ សុងលី
245 _aControl measures for the brown planthopper (nilaparvata lungerns stal)
260 _aPhnom Penh
_bRUA
_c2010
300 _ax;51p;
_bill;
_c29cm;
856 _uhttps://drive.google.com/file/d/10t4Ogsk7QqsnHAOUvc02woNQxAh-o4fk/view?usp=sharing
942 _cNRM
999 _c11029
_d11029